000 00597nam a2200193 4500
001 149001
003 ES-MaACL
005 20230906202914.0
007 t|
008 070214s1963 sp r ||||1| spa d
100 1 _aSusini, Eugène.
_9108852
245 1 0 _aAustria /
_cEugène Susini ; cubierta de Yves Brayer ; traducción de María Teresa Boada.
250 _a1ª. ed.
260 _aBarcelona :
_bJuventud,
_c1963.
300 _a362 p., 1031 lám. ;
_c23 cm +
_e1 map.
700 1 _aBrayer, Yves.
_931528
700 1 _aBoada, María Teresa.
_929617
852 _aES-MaACL
_jC-24152
_bR.52998
999 _c149001
_d149001